El Indecopi a sus veinte años: (Registro nro. 7634)

Detalles MARC
000 -Cabecera
Campo de control interno 00542nam a2200181Ia 4500
005 - Fecha y hora del registro
control field 20260306160509.0
008 - Elementos de Longitud Fija
fixed length control field 260306t2013||||xx |||||||||||||| ||spa||
041 ## - Idioma
Codigo Idioma ESP
082 ## - DEWEY y NOTACIÓN INTERNA
Dewey 352.7
Notación Interna I49I
110 ## - AUTOR INSTTITUCIONAL
Autor Institucional Instituto Nacional de Defensa de la Competencia y de la Protección de la Propiedad Intelectual (Perú)
245 #0 - TÍTULO DE MATERIAL BIBLIOGRÁFICO
Título El Indecopi a sus veinte años:
Título paralelo la historia de una innovación
260 ## - CIUDAD, EDITORIAL, AÑO
Año 2013
300 ## - DESCRIPCIÓN
N° Páginas 201 páginas :
Dimensiones 27 cm.
650 ## - TEMAS
Temas Generalidades
654 ## - PROGRAMAS
Programa Dpto. de Administración de Negocios
942 ## - ELEMENTOS DE KOHA
Tipo de documento Libro
Nombre del creador Justo Noguera
Código de catalogador Justo Noguera
Esquema de clasificación Dewey Decimal Classification
Suppress in OPAC
110 ## - AUTOR INSTTITUCIONAL
Relator term AUT
Existencias
Codigo completo Registro Colección Copia número Disponibilidad Tipo de préstamo Biblioteca Actual Procedencia (Biblioteca) Ubicacón Fecha Ingreso Tipo de Adquisición Date last seen Total checkouts Price effective from Tipo de Item Estado del Material Fuente de Clasificación Damaged status Withdrawn status
352.7 I49I 1011898 Universidad Católica San Pablo 1 Disponible Disponible Víctor Andrés Belaunde Víctor Andrés Belaunde Planta baja abierta 03/06/2026 Donación 06/03/2026   06/03/2026 Libro Bueno Dewey Decimal Classification